Countries on Multiple Continents - Statistics

General Stats
  • This quiz has been taken 57 times
  • The average score is 8 of 22
Answers on the Grid
Answers color-coded by a green-red scale on the quiz's grid according to % correct below.
Türkiye
Russia
Kazakhstan
Indonesia
Egypt
Yemen
United States of America
Spain
United Kingdom
France
Denmark
Netherlands
Portugal
Norway
Italy
Greece
Panama
Chile
Argentina
Venezuela
Australia
New Zealand
India
Philippines
China
Japan
Israel
Ukraine
Belgium
Germany
Finland
Sweden
Canada
Morocco
South Africa
Ecuador
 
Answer Stats
Answer % Correct
Asia, Europe Türkiye
70%
Asia, Europe Russia
67%
North America, Oceania United States of America
67%
Europe, South America, Oceania, North America, Africa, Antarctic claims France
63%
Europe, North America, Oceania, South America, Africa (Gibraltar), Asia (BIOT), Antarctic claims United Kingdom
63%
Europe, Africa Spain
58%
Europe, North America Denmark
53%
Europe, North America Netherlands
51%
Africa, Asia Egypt
44%
Europe, Africa (Madeira) Portugal
42%
Asia, Oceania Indonesia
37%
North America, South America Panama
35%
South America, Oceania (Easter Island), Antarctic claims Chile
28%
Oceania, Antarctic claims Australia
26%
South America, Antarctic claims Argentina
23%
Asia, Europe Kazakhstan
23%
Europe, Antarctic claims Norway
23%
Oceania, Antarctic claims New Zealand
21%
Asia, Africa (Socotra) Yemen
19%
Europe, Asia (Aegean islands) Greece
16%
Europe, Africa (Pelagie Islands) Italy
9%
South America, North America (Aves Island) Venezuela
5%
No matching quizzes found
Score Distribution
Percent of People with Each Score
Percentile by Number Answered
Your Score History
You have not taken this quiz